Reverse Dictionary #69 - Statistics

General Stats
  • This quiz has been taken 28 times
  • The average score is 12 of 25
Answer Stats
Definition First
Letter
Word % Correct
A unit of time which is one sixtieth of an hour (sixty seconds). M Minute
92%
The sister or sister-in-law of one’s parent. A Aunt
88%
Likely to use physical force. V Violent
88%
To (lightly) touch (a finger, foot, or other body part) on a surface, often repeatedly. T Tap
76%
To change greatly the appearance or form of. T Transform
76%
A type of small fish, Carassius auratus, typically orange-colored. G Goldfish
72%
To be secreted or slowly leak. O Ooze
68%
Pleasingly unusual; especially, having old-fashioned charm. Q Quaint
68%
A light wind from the west. Z Zephyr
68%
To pass a slower moving object or entity. O Overtake
64%
The soft tissue of the body, especially muscle and fat. F Flesh
52%
A sum of money exchanged for goods or services, or the transaction that conveys it. P Payment
52%
Causing annoyance or pain. I Irritating
48%
To express a belief, judgment or perspective. O Opine
44%
Causing pain or discomfort; painfully sensitive. S Sore
44%
1. Easily giving way under pressure.2. Smooth and flexible; not rough, rugged, or harsh. S Soft
32%
A change of position with respect to time. M Motion
24%
Orderly, logical and consistent. C Coherent
20%
Exceedingly light or airy; tenuous; spiritlike; characterized by extreme delicacy, as form, manner, thought, etc. E Ethereal
20%
To look at minutely. S Study
20%
(grammar) To vary the form of a word to express tense, gender, number, mood, etc. I Inflect
16%
To put (something) to good use that would otherwise have been wasted. S Salvage
16%
Poorly instructed; ignorant; lacking knowledge about facts or specific subjects. I Ill-informed
8%
Insubstantial; thin in substance. T Tenuous
8%
Not having sufficient or the required properties for a certain purpose or task; not appropriate to a certain occasion. U Unsuitable
8%
No matching quizzes found
Score Distribution
Percent of People with Each Score
Percentile by Number Answered
Your Score History
You have not taken this quiz